000 01104nam a2200229 a 4500
001 BRCA_8881
005 20190320210439.0
008 140617s1734----fr-#######---#000-0#lat-#
041 _alat
044 _afr
084 _aCO18
_b.A43 1734
100 1 _aAmaya, Francisci de
_922104
245 1 0 _aD. Francisci de Amaya I.C. Antiquariensis Hispani, et in pintiana curia Regii senatoris opera jurídica, seu commentarii in tres posteriores Libros Codicis Imp. Justinioni, Necnon Observationes Juris nunc noviter additae
_bquibus accedunt apología eiusdem auctoris, contra calumniam D. Joan De Escobar et Indices locuple ssimi: editio novissima a mendis expurgata.
260 _aLugduni
_bSumptibus Devile fratrum & Lub. Chalmette
_c1734
300 _a[8], [21], 628 p.
_c34.7 x 23.5 cm
500 _aCum privilegio regis & Approbat doct.
500 _aEstado físico: presenta encuadernación en pergamino deteriorado, con cintas rotas y presencia del pez de plata
650 1 4 _aDerecho romano
_yObras anteriores a 1800
_922105
700 1 _aEscobar, Joan de
_922106
902 _aCFM
942 _2lcc
_cB
999 _c8532
_d8532